00883nam a22002057a 4500003000900000008004100009040007100050082001900121100002200140245008300162260003500245300004900280440007400329505015700403650001700560650001600577650001300593700003600606700003500642AR-CdUCM190507b ||||| |||| 00| 0 spa d aMUNICIPALIDAD PROVINCIAL DEL CUSCOcBIBLIOTECA MUNICIPAL DEL CUSCO a153.15 /bSM61 aSmith, Wendell I. aComo se aprende el comportamiento :bpsicología de los procesos cognitivos / aBuenos Aires :bPaidos,c1970. a232 páginas ;bfiguras, escalas,c19.5 cm. aBiblioteca de Educación Contemporánea / volumen serie menor.n137 aContenido: La introducción programada -- El aprendizaje de habilidades -- El aprendizaje de respuestas múltiples -- El lenguaje -- Los conceptos ... aPsicología aAprendizaje aLenguaje aClementi, José (traducción) aRohrman, Nicholas L. (coautor)